Stuudies in Mohammadnism (Record no. 5184)

MARC details
000 -LEADER
fixed length control field 00555nam a2200229 a 4500
020 ## - INTERNATIONAL STANDARD BOOK NUMBER
ISBN
082 00 - DEWEY DECIMAL CLASSIFICATION NUMBER
Classification number 297
Author Cutter POO1
100 ## - MAIN ENTRY--AUTHOR NAME
Author name Pool, J J
245 ## - TITLE STATEMENT
Title Stuudies in Mohammadnism
260 ## - PUBLICATION, DISTRIBUTION, ETC. (IMPRINT)
Place of publication Westminister
Name of publisher Archibald Constable and Co.
Year of publication 1982
300 ## - PHYSICAL DESCRIPTION
Number of Pages 419p
500 ## - GENERAL NOTE
General note includes index and biblioraphy
650 ## - SUBJECT ADDED ENTRY--TOPICAL TERM
Topical Term Islam-Meccan Trade
942 ## - ADDED ENTRY ELEMENTS (KOHA)
Koha item type Books
700 1# -
-- Pool, J J
Holdings
Collection code Home library Current library Date acquired Cost, normal purchase price Full call number Accession Number Koha item type
  Henry Martyn Institute Library Henry Martyn Institute Library 07/30/2007 100.00 297 POO1 08062 Books
                   Copyright © 2026 | Henry Martyn Institute | Hyderabad | TS-500052 | INDIA | Implemented by hmi.edu.in
Hit-Count:

Powered by Koha